| 000 | 00474ntaaa2200193 4500 | ||
|---|---|---|---|
| 003 | 01 | ||
| 005 | 20251027203121.0 | ||
| 008 | 0714s1973 ag 01 | ||
| 040 |
_aAR-BaBN _bspa _cAR-BaBN _eaacr _dRIC |
||
| 082 | _a252.0000 V42 | ||
| 100 |
_aVaretto, Juan C. _97850 |
||
| 245 | _aHijo prĂ³digo | ||
| 250 | _a1 ed. | ||
| 260 |
_aBuenos Aires : _bJunta Bautista de Publicaciones, _cs.f. |
||
| 300 | _a12 p | ||
| 650 |
_aAutor _923984 |
||
| 650 |
_aSermones _9362 |
||
| 942 | _cBK | ||
| 999 |
_c26644 _d26644 |
||